000 00409nam a2200169Ia 4500
008 230524s9999 xx 000 0 und d
020 _a8173194197
082 _a510.36
_bPON
100 _aS.Ponnusamy
245 0 _aFoundations of Functional Analysis
250 _a1ST
260 _aNEW DELHI
_bNarosa
_c2002
300 _aXVI;457
500 _aQuantity Number: 2
650 _aMathematics
942 _cBK
999 _c12884
_d12884